A szászrégeni céhek és ipartestületek történetéből
Elmentve itt :
| Szerző: | |
|---|---|
| Adatforrás: | Meister |
| Forrásdokumentuma: | Művelődés. - 2-3 sz., 1991, 66 p. |
| Nyelv: | magyar |
| Kulcsszavak: | gazdaságtörténet várostörténet gazdasági intézmények céhek hagyományos mesterségek Szászrégen szászrégeni céhek |
| LEADER | 00562nab a2200193 i 4500 | ||
|---|---|---|---|
| 001 | bibPRO00002806 | ||
| 008 | 060524s1991 xx hun | ||
| 040 | |a Sz1 | ||
| 041 | |a hun | ||
| 100 | 1 | |a BÍRÓ Donát | |
| 245 | 1 | 2 | |a A szászrégeni céhek és ipartestületek történetéből |c BÍRÓ Donát |
| 695 | |a gazdaságtörténet | ||
| 695 | |a várostörténet | ||
| 695 | |a gazdasági intézmények | ||
| 695 | |a céhek | ||
| 695 | |a hagyományos mesterségek | ||
| 695 | |a Szászrégen | ||
| 695 | |a szászrégeni céhek | ||
| 773 | 0 | |t Művelődés. - |g 2-3 sz., 1991, 66 p. | |